• 首页
  • 本馆介绍
  • 公告通知
  • 最新文献
  • 馆藏检索
  • 电子资源
  • 读者导购
  • 参考咨询
  • 我的图书馆
  • 登录
  • 详细信息显示
  • 放入我的书架
  • 预约/预借图书
  • 作者相关作品
  • 分类相关作品
  • 丛书相关作品
  • 出版社相关作品

书目信息

  • 表格格式
  • 工作单格式
  • 卡片格式
题名:
当代中国美术家档案
    
 
作者: 郭怡孮 主编 ;谢志高 绘
分册:   中国画篇
出版信息: 北京   华艺出版社  2005
页数: 389页
开本: 23cm
丛书名:
单 册:
中图分类: J222.7 , K825.72=76
科图分类:
主题词: 美术家--生平事迹--中国--现代 , 美术家 , 中国画 , 中国画--人物画--中国--现代--画册 , 人物画
电子资源:
ISBN: 7-80142-723-8
000 01103nam0 2200313 450
001 002952276
005 20070801171949.39
010    @a7-80142-723-8@dCNY78.00
100    @a20050317d2005 em y0chiy0110 ea
101 0  @achi
102    @aCN@b110000
105    @aa z 000yd
200 1  @a当代中国美术家档案@9dang dai zhong guo mei shu jia dang an@i中国画篇@i谢志高卷@f郭怡孮主编
210    @a北京@c华艺出版社@d2005
215    @a389页@c图,照片@d23cm
330    @a本书选入了谢志高先生多年来的主要作品,以及有关画家的一些自传自叙性质的文章及生活写真、艺术年表等,反映了画家对艺术研究的心路历程。
512 1  @a当代中国美术家档案@9dang dai zhong guo mei shu jia dang an@i谢志高卷
517 1  @a中国画篇@Azhong guo hua pian
606 0  @a美术家@x生平事迹@y中国@z现代
606 0  @a美术家
606 0  @a中国画
606 0  @a中国画@x人物画@y中国@z现代@j画册
606 0  @a人物画
690    @aJ222.7@v4
690    @aK825.72=76@v4
701  0 @a郭怡孮@9guo yi cong@f(1940~)@4主编
702  0 @a谢志高@9xie zhi gao@f(1942.6~)@4绘
801  0 @aCN@bNLC@c20070801
905    @a10447@dK825.72=76@e612
    
    当代中国美术家档案.中国画篇.谢志高卷/郭怡孮主编.-北京:华艺出版社,2005
    389页:图,照片;23cm
    
    
    ISBN 7-80142-723-8:CNY78.00
    本书选入了谢志高先生多年来的主要作品,以及有关画家的一些自传自叙性质的文章及生活写真、艺术年表等,反映了画家对艺术研究的心路历程。
●
相关链接 在E读中查询图书 在五车中查询图书 在当当中查询图书 在豆瓣中查询图书


正题名:当代中国美术家档案     索取号:K825.72=76/612         预约/预借

序号 登录号 条形码 馆藏地/架位号 状态 备注
1 0800530   208005308   第二样本阅览室/ [索取号:K825.72=76/612] 在馆    
2 0800531   208005317   密集书库/ [索取号:K825.72=76/612] 在馆    
3 0800532   208005326   密集书库/ [索取号:K825.72=76/612] 在馆    
4 0800533   208005335   密集书库/ [索取号:K825.72=76/612] 在馆    
5 0800534   208005344   第二借阅区/ [索取号:K825.72=76/612] 在馆    
6 0800535   208005353   密集书库/ [索取号:K825.72=76/612] 在馆    
7 0800536   208005362   密集书库/ [索取号:K825.72=76/612] 在馆    
8 0800537   208005371   第二借阅区/ [索取号:K825.72=76/612] 在馆    
9 0800538   208005380   第二借阅区/ [索取号:K825.72=76/612] 在馆    
10 0800539   208005399   第二借阅区/ [索取号:K825.72=76/612] 在馆    
唐山师范学院图书馆 欢迎您!
大连网信软件有限公司© 版权所有